000 00603nam a22001697a 4500
003 MACL
005 20160721151228.0
008 160721b xxu||||| |||| 00| 0 eng d
040 _cMACL
041 _aHindi
082 _a891.433 CHU
100 _aचौहान, सुभद्रा कुमारी
_9164
245 _a21 प्रतिनिधि कहानियॉ
_cसुभद्रा कुमारी चौहान
260 _aनई दिल्‍ली
_bसुरूचि साहित्‍य
_c2015
650 _aकहानियॉ
_964878
942 _2ddc
_cHIN
999 _c54592
_d54592